000 01025cam a2200241 i 4500
003 SA-RiAUC
005 20251102113813.0
008 251101q19001999su g 00000 ara c
040 _aSA-RiAUC
_bara
_cSA-RiAUC
_erda
082 0 4 _a330.121
090 _a330.121
_b ا ل س
100 1 _aآل سعود، محمد الفيصل بن عبد العزيز،
_cأمير السعودية،
_d1356-1438 هجري
_eمؤلف.
245 1 2 _aالتعريف الاصطلاحي لعلم الاقتصاد الإسلامي /
_cمحمد الفيصل آل سعود.
246 3 0 _aعلم الاقتصاد الإسلامي
264 1 _aالرياض :
_bالاتحاد الدولي للبنوك الإسلامية،
_c[بين 1900 و1999]
300 _a48 صفحة ؛
_c17 سم
336 _aنص
_btxt
_2rdacontent
_3كتاب
337 _aبدون وسيط
_bn
_2rdamedia
338 _aمجلد
_bnc
_2rdacarrier
650 7 _aالإسلام والاقتصاد
_2aucsh
942 _2ddc
_cBOOK
_n0
949 _aSA-JeALM
_d251101
_umohamedma123
_n1
999 _c12904
_d12904